Normal view
MARC view
Entry Uniform Title
001 - CONTROL NUMBER
- control field: 53116
003 - CONTROL NUMBER IDENTIFIER
- control field: dpl
005 - DATE AND TIME OF LATEST TRANSACTION
- control field: 20121015152746.0
008 - FIXED-LENGTH DATA ELEMENTS
- fixed length control field: 121015|||a|||||| | ||| d
040 ## - CATALOGING SOURCE
- Original cataloging agency: dpl
- Transcribing agency: dpl
130 ## - HEADING--UNIFORM TITLE
- Uniform title: McGraw-Hill series in mechanical engineering
670 ## - SOURCE DATA FOUND
- Source citation: Work cat.: (dpl)0: Schey, John A. 53113, Introduction to manufacturing processes /, 2012
670 ## - SOURCE DATA FOUND
- Source citation: Work cat.: (dpl)0: Schey, John A. 53113, Introduction to manufacturing processes /, 2012
